Get real : sharing your everyday faith every day (Record no. 11622)
[ view plain ]
| 000 -LEADER | |
|---|---|
| fixed length control field | 00306nam a22000977a 4500 |
| 008 - FIXED-LENGTH DATA ELEMENTS--GENERAL INFORMATION | |
| fixed length control field | 190902b ||||| |||| 00| 0 eng d |
| 020 ## - INTERNATIONAL STANDARD BOOK NUMBER | |
| International Standard Book Number | 9781939946232 |
| 100 ## - MAIN ENTRY--PERSONAL NAME | |
| Personal name | Leonard, John S. (John Sterling) |
| 9 (RLIN) | 7326 |
| 245 ## - TITLE STATEMENT | |
| Title | Get real : sharing your everyday faith every day |
| 260 ## - PUBLICATION, DISTRIBUTION, ETC. (IMPRINT) | |
| Place of publication, distribution, etc. | Canada |
| Name of publisher, distributor, etc. | New Growth Press |
| Date of publication, distribution, etc. | 2013 |
| Withdrawn status | Lost status | Source of classification or shelving scheme | Damaged status | Koha normalized classification for sorting | Not for loan | Home library | Current library | Shelving location | Date acquired | Total Checkouts | Full call number | Barcode | Date last seen | Date last checked out | Price effective from | Koha item type |
|---|---|---|---|---|---|---|---|---|---|---|---|---|---|---|---|---|
| Dewey Decimal Classification | 200_000000000000000 | Good Samaritan School Library | Good Samaritan School Library | RELIGION | 09/02/2019 | 4 | 200 | LED14006 | 02/10/2026 | 02/09/2026 | 09/02/2019 | BOOK |